Normal view
MARC view
Entry Topical Term
001 - CONTROL NUMBER
- control field: 57856
003 - CONTROL NUMBER IDENTIFIER
- control field: OSt
005 - DATE AND TIME OF LATEST TRANSACTION
- control field: 20160518122203.0
008 - FIXED-LENGTH DATA ELEMENTS
- fixed length control field: 160518|| aca||aabn | a|a d
040 ## - CATALOGING SOURCE
- Original cataloging agency: OSt
- Transcribing agency: OSt
150 ## - HEADING--TOPICAL TERM
- Topical term or geographic name entry element: Story
670 ## - SOURCE DATA FOUND
- Source citation: Work cat.: (OSt)9718: वर्मा, लक्ष्मीकान्त 42220, धर्मशाले की एक रात , 1998









